Los amantes de Teruel /

I tiakina i:
Ngā taipitopito rārangi puna kōrero
Kaituhi matua: Hartzenbusch, Juan Eugenio (autor)
Hōputu: Pukapuka
Reo:Pāniora
I whakaputaina: Buenos Aires, Argentina : Sopena, 1942
Rangatū:(Biblioteca Mundial Sopena)
Ngā marau:
Ngā Tūtohu: Tāpirihia he Tūtohu
Kāore He Tūtohu, Me noho koe te mea tuatahi ki te tūtohu i tēnei pūkete!

MARC

LEADER 00000nam^a2200000^a^4500
001 000002596
005 20260424000000.0
009 20260424190036.088
037 |a Acervo ITESO - Biblioteca 
041 |a ESP 
082 |a 862.  |b HAR 
100 |a Hartzenbusch, Juan Eugenio  |e (autor) 
245 1 4 |a Los amantes de Teruel /  |c J.E. Hartzenbusch. 
264 1 |a Buenos Aires, Argentina :  |b Sopena,  |c 1942 
300 |a 127 p. 
336 |a texto  |b txt  |2 rdacontenido 
337 |a sin mediación  |b n  |2 rdamedio 
338 |a volumen  |b nc  |2 rdasoporte 
440 1 |a (Biblioteca Mundial Sopena) 
649 |a XX 
650 |a Romanticismo (Literatura) -  |z España 
650 |a Literatura Española -  |y Siglo XIX 
910 |a Fondo General 
920 |a Impresos - Libros 
930 |a Colección General 
940 |a Literatura 
905 |a 101 
901 |a 0025960100  |b IT1  |c LIT  |d BD  |i 002596  |u 20260424 
902 |a https://opac.biblio.iteso.mx/vufind/Record/000002596